Selected topics on applications of graph spectra /
Guardado en:
| Autor Principal: | |
|---|---|
| Otros Autores: | |
| Formato: | Libro |
| Idioma: | English |
| Publicado: |
Beograd :
Matematicki institut SANU,
2011.
|
| Series: | Zbornik radova / Matematicki institut SANU ;
knj. 14(22) |
| Materias: | |
| Acceso en línea: | Texto completo en PDF |
| Etiquetas: |
Agregar Etiqueta
Sin Etiquetas, Sea el primero en etiquetar este registro!
|
| LEADER | 01019cam a22002654a 4500 | ||
|---|---|---|---|
| 001 | MAT.inmabb006470 | ||
| 008 | 110309s2011####rb#a#####b####000#0#eng## | ||
| 005 | 20130304164234.0 | ||
| 245 | 1 | 0 | |a Selected topics on applications of graph spectra / |c editors [and authors] Dragos Cvetkovic and Ivan Gutman. |
| 260 | |a Beograd : |b Matematicki institut SANU, |c 2011. | ||
| 300 | |a 174 p. : |b il. ; |c 24 cm. | ||
| 490 | 0 | |a Zbornik radova / Matematicki institut SANU ; |v knj. 14(22) | |
| 500 | |a Augmented edition of "Applications of Graph Spectra", published in 2009. | ||
| 504 | |a Incluye referencias bibliográficas. | ||
| 020 | |a 9788680593449 | ||
| 100 | 1 | |a Cvetkovic, Dragos M. | |
| 700 | 1 | |a Gutman, Ivan, |d 1947- | |
| 650 | 0 | |a Graph theory. | |
| 650 | 0 | |a Computer science |x Mathematics. | |
| 650 | 0 | |a Multiprocessors. | |
| 084 | |a 05C50 |2 msc2000 | ||
| 010 | |a 2011390167 | ||
| 040 | |a DLC |c DLC |d DLC | ||
| 856 | |u http://www.mi.sanu.ac.rs/projects/ZbR14-22.pdf |y Texto completo en PDF | ||
| 859 | |h 05 |i C993s |p A-8669 |b BIB. MATEMATICA | ||
